000 01322cam a2200145 4500500
005 20260329023203.0
041 _afre
042 _adc
100 1 0 _ade Luca, Manuella
_eauthor
700 1 0 _aEstellon, Vincent
_eauthor
245 0 0 _aDes névroses aux états limites
260 _bArmand Colin,
_c2015.
520 _aS’appuyant sur la psychologie clinique, la psychopathologie, la psychanalyse et la psychiatrie, ce manuel présente les structures de la vie psychique. Revenant sur la tripartition proposée par Freud (névroses, psychoses, perversions), il insiste plus particulièrement sur l’articulation entre les névroses et les états limites. La confrontation des deux entités autorise à déchiffrer des frontières communes et des chevauchements. Cette grille de lecture originale permet d’appréhender d’une autre manière la psychopathologie actuelle, notamment la question de la perte, du deuil, des dépressions, des angoisses relationnelles, des états de détresse, de l’Œdipe, des échecs face au succès, du narcissisme. L’ouvrage s’intéresse également aux prises en charge, dans leur diversité, pour proposer des pistes dans la relation thérapeutique.
856 4 1 _uhttps://shs.cairn.info/des-nevroses-aux-etats-limites--9782200287283?lang=fr&redirect-ssocas=7080
999 _c1925347
_d1925347